000 00426nam a2200145Ia 4500
008 211109s9999||||xx |||||||||||||| ||und||
082 _a494.812
_bRAJ-P
100 _aRaja Raja Varma, A R
245 0 _aPradhama Vyakaranam
260 _bMcgraw Hill Book Company
_aKottayam
_c1900
300 _a63p.
630 _xGeneral Stack
650 _aAltaic, Uralic, Hyperborean & Dravidian
_vOther languages
_xGeneralia
942 _cBOOK
999 _c34142
_d34142